Fundamentals of signals and systems / (Record no. 4955)
[ view plain ]
| 000 -LEADER | |
|---|---|
| fixed length control field | 01114nac a22003251u 4500 |
| 006 - FIXED-LENGTH DATA ELEMENTS--ADDITIONAL MATERIAL CHARACTERISTICS--GENERAL INFORMATION | |
| fixed length control field | m||||f ||z| 00| 0 |
| 008 - FIXED-LENGTH DATA ELEMENTS--GENERAL INFORMATION | |
| fixed length control field | 090302t2006 maua fr 001 0 eng d |
| 010 ## - LIBRARY OF CONGRESS CONTROL NUMBER | |
| LC control number | 2005010054 |
| 020 ## - INTERNATIONAL STANDARD BOOK NUMBER | |
| International Standard Book Number | 1584503815 (hardcover with cd-rom : alk. paper) |
| 020 ## - INTERNATIONAL STANDARD BOOK NUMBER | |
| International Standard Book Number | 9781584503811 |
| 035 ## - SYSTEM CONTROL NUMBER | |
| System control number | (OCoLC)ocm59401093 |
| 040 ## - CATALOGING SOURCE | |
| Original cataloging agency | EG-ScBUE |
| Language of cataloging | eng |
| Transcribing agency | EG-ScBUE |
| 082 04 - DEWEY DECIMAL CLASSIFICATION NUMBER | |
| Classification number | 621.3822 |
| Item number | BOU |
| 100 1# - MAIN ENTRY--PERSONAL NAME | |
| Personal name | Boulet, Benoit, |
| 245 10 - TITLE STATEMENT | |
| Title | Fundamentals of signals and systems / |
| Statement of responsibility, etc | Benoit Boulet. |
| 250 ## - EDITION STATEMENT | |
| Edition statement | 1st ed. |
| 260 ## - PUBLICATION, DISTRIBUTION, ETC. (IMPRINT) | |
| Place of publication, distribution, etc | Hingham, Mass. : |
| Name of publisher, distributor, etc | Da Vinci Engineering Press, |
| Date of publication, distribution, etc | c. 2006. |
| 300 ## - PHYSICAL DESCRIPTION | |
| Extent | xvii, 670 p. : |
| Other physical details | ill. ; |
| Dimensions | 25 cm + |
| Accompanying material | 1 CD-ROM (4 3/4 in.). |
| 500 ## - GENERAL NOTE | |
| General note | Index: p.665-670. |
| 590 ## - LOCAL NOTE (RLIN) | |
| Local note | Mohamed Hussein |
| 650 #0 - SUBJECT ADDED ENTRY--TOPICAL TERM | |
| Topical term or geographic name as entry element | Signal processing. |
| Source of heading or term | BUEsh |
| 650 #0 - SUBJECT ADDED ENTRY--TOPICAL TERM | |
| Topical term or geographic name as entry element | Signal generators. |
| Source of heading or term | BUEsh |
| 650 #0 - SUBJECT ADDED ENTRY--TOPICAL TERM | |
| Topical term or geographic name as entry element | Electric filters. |
| Source of heading or term | BUEsh |
| 650 #0 - SUBJECT ADDED ENTRY--TOPICAL TERM | |
| Topical term or geographic name as entry element | Signal detection. |
| Source of heading or term | BUEsh |
| 9 (RLIN) | 23315 |
| 650 #0 - SUBJECT ADDED ENTRY--TOPICAL TERM | |
| Topical term or geographic name as entry element | System analysis. |
| Source of heading or term | BUEsh |
| 651 ## - SUBJECT ADDED ENTRY--GEOGRAPHIC NAME | |
| Source of heading or term | BUEsh |
| 653 ## - INDEX TERM--UNCONTROLLED | |
| Resource For college | Engineering, Electrical |
| Arrived date list | August2015 |
| 856 41 - ELECTRONIC LOCATION AND ACCESS | |
| Materials specified | Table of contents |
| Uniform Resource Identifier | <a href="http://www.loc.gov/catdir/toc/ecip0511/2005010054.html">http://www.loc.gov/catdir/toc/ecip0511/2005010054.html</a> |
| 942 ## - ADDED ENTRY ELEMENTS (KOHA) | |
| Item type | Book - Borrowing |
| Call number prefix | 621.3822BEN |
| Source of classification or shelving scheme | Dewey Decimal Classification |
| Withdrawn status | Item status | Source of classification or shelving scheme | Damaged status | Not for loan | Vendor | Home library | Current library | Shelving location | Date acquired | Source of acquisition | Total Checkouts | Full call number | Barcode | Date last seen | Date last borrowed | Koha item type |
|---|---|---|---|---|---|---|---|---|---|---|---|---|---|---|---|---|
| Dewey Decimal Classification | Central Library | Central Library | First floor | 03/10/2007 | 1 | 621.3822 BEN | 000005992 | 15/07/2025 | 18/11/2009 | Book - Borrowing | ||||||
| Dewey Decimal Classification | Central Library | Central Library | First floor | 02/03/2009 | 621.3822 BEN | 000006331 | 15/07/2025 | NB - Book (Non borrowing) | ||||||||
| Dewey Decimal Classification | Central Library | Central Library | First floor | 02/03/2009 | 621.3822 BEN | 000007617 | 24/08/2022 | CD | DVD - With book | ||||||||
| Dewey Decimal Classification | Central Library | Central Library | First floor | 02/03/2009 | 1 | 621.3822 BEN | 000007618 | 24/08/2022 | 18/11/2009 | CD | DVD - With book (NB) |